| 000 | 00537nam a2200193Ia 4500 | ||
|---|---|---|---|
| 999 |
_c32135 _d32135 |
||
| 003 | OSt | ||
| 005 | 20200803105644.0 | ||
| 008 | 190216s9999||||xx |||||||||||||| ||und|| | ||
| 020 | _a9788181283184 | ||
| 040 | _coclc | ||
| 082 |
_a515.353 _bLOG/P |
||
| 100 |
_aLogan, J David _93902 |
||
| 245 | 0 |
_aPartial Differential Equations / _cJ David Logan |
|
| 250 | _a2nd Ed. | ||
| 260 |
_bSpringer, _aNew York: _c2006. |
||
| 300 | _a209p | ||
| 650 | _aMathematics | ||
| 942 |
_cBK _2ddc _h515.353 _iLOG/P _k515.353 _mLOG/P |
||